[Event "zt-A"]
[Site "Randers"]
[Date "1982.??.??"]
[Round "1"]
[White "Grunfeld, Yehuda"]
[Black "Wedberg, Tom"]
[Result "1/2-1/2"]
[WhiteElo "2505"]
[BlackElo "2435"]

1. e4 e5 2. Nf3 Nc6 3. Bb5 Nge7 4. O-O d6 5. c3 Bd7 6. d4 Ng6 7. Qb3
Na5 8. Bxd7+ Qxd7 9. Qd5 Nc6 10. Rd1 f6 11. a4 Nd8 12. a5 a6 13. b4 Rb8
14. Na3 Be7 15. Qa2 Qg4 16. Re1 Nf7 17. Nc2 O-O 18. h3 Qd7 19. Ne3 Kh8
20. Nf5 Bd8 21. Rd1 Ne7 22. Ng3 c6 23. Be3 Bc7 24. c4 Rbd8 25. Qb3 d5
26. cxd5 cxd5 27. dxe5 Nxe5 28. Bc5 Nxf3+ 29. Qxf3 Rfe8 30. exd5 Nxd5
31. Rd2 Qc8 32. Rad1 Nf4 33. Be3 Rxd2 34. Rxd2 Ng6 35. Rc2 Qd7 36. Nf1
Bd6 37. Bd2 Ne5 38. Qd5 Qe7 39. b5 Ng6 40. bxa6 bxa6 41. Rc6 Rd8 42.
Qb3 Bf4 43. Be3 Qe4 44. Qe6 Qxe6 45. Rxe6 Bd6 46. Bb6 Nf4 47. Re1 Rc8
48. Ne3 Nd3 49. Rd1 Rc1 50. Rxc1 Nxc1 51. Kf1 Bb4 52. Nd5 Bd2 53. Ne7
g6 54. Bd4 Kg7 55. Nd5 Bxa5 56. Nxf6 Bd8 57. Ne4+ Kf7 58. Be3 Nd3 59.
Ke2 Nb4 60. Bd2 1/2-1/2

[Event "zt-A"]
[Site "Randers"]
[Date "1982.??.??"]
[Round "1"]
[White "Herzog, Adolf"]
[Black "Tiller, Bjorn"]
[Result "0-1"]
[WhiteElo "2400"]
[BlackElo "2320"]

1. e4 e6 2. d4 d5 3. exd5 exd5 4. Bd3 c5 5. Nf3 Nc6 6. O-O Bd6 7. dxc5
Bxc5 8. Nc3 Bg4 9. h3 Bh5 10. Re1+ Nge7 11. Bf4 h6 12. g4 Bg6 13. Nh4
O-O 14. Bg3 Qd7 15. a3 a6 16. Ne2 Bxd3 17. Qxd3 f5 18. Nf4 fxg4 19. Ne6
Ba7 20. Nxf8 Rxf8 21. hxg4 Qxg4 22. Re2 g5 23. Ng2 Rf3 24. Ne3 Qh3 25.
Bd6 Nd4 26. Rae1 Rf4 27. Qxd4 Rxd4 0-1

[Event "zt-A"]
[Site "Randers"]
[Date "1982.??.??"]
[Round "1"]
[White "Kagan, Shimon"]
[Black "Birnboim, Nathan"]
[Result "1-0"]
[WhiteElo "2425"]
[BlackElo "2460"]

1. e4 c5 2. Nf3 Nc6 3. d4 cxd4 4. Nxd4 Nf6 5. Nc3 e6 6. g3 d5 7. exd5
Nxd5 8. Nxc6 bxc6 9. Ne2 Qf6 10. Bg2 Bc5 11. O-O Ba6 12. c3 O-O 13. Qc2
Rfd8 14. a3 Rab8 15. c4 Nb6 16. b3 Bxf2+ 17. Kh1 Qxa1 18. Bb2 Qxf1+
19. Bxf1 c5 20. Bg2 Bb7 21. Be5 Bxg2+ 22. Kxg2 Be3 23. Bxb8 Rxb8 24.
Qe4 Bh6 25. Qc6 g6 26. Qxc5 Rd8 27. Qc7 Rd7 28. Qb8+ Kg7 29. Nf4 Rd2+
30. Kf1 Nd7 31. Qxa7 g5 32. Nd5 exd5 33. Qxd7 d4 34. g4 d3 35. Ke1 Rxh2
36. Qxd3 Kg8 37. Qd8+ 1-0

[Event "zt-A"]
[Site "Randers"]
[Date "1982.??.??"]
[Round "1"]
[White "Olafsson, Helgi"]
[Black "Arnason, Jon"]
[Result "1/2-1/2"]
[WhiteElo "2430"]
[BlackElo "2445"]

1. e4 c5 2. Nf3 d6 3. Nc3 Nc6 4. d4 cxd4 5. Nxd4 g6 6. Bc4 Bg7 7. Be3
Nf6 8. h3 O-O 9. Bb3 Bd7 10. O-O Nxd4 11. Bxd4 b5 12. Nd5 Nxd5 13. Bxd5
Rc8 14. Bxg7 Kxg7 15. Qd4+ Kg8 16. Qxa7 Rc7 17. Qe3 Rxc2 18. Rac1 Qc7
19. Bb3 Rc6 20. Bd5 Rc2 21. Bb3 Rc6 1/2-1/2

[Event "zt-A"]
[Site "Randers"]
[Date "1982.??.??"]
[Round "2"]
[White "Arnason, Jon"]
[Black "Lobron, Eric"]
[Result "0-1"]
[WhiteElo "2445"]
[BlackElo "2440"]

1. e4 c6 2. d4 d5 3. Nd2 dxe4 4. Nxe4 Bf5 5. Nc5 e5 6. Nxb7 Qb6 7. Nc5
exd4 8. Nb3 Bb4+ 9. Bd2 Nf6 10. Bd3 Bxd2+ 11. Qxd2 Be6 12. Nf3 c5 13.
Ne5 O-O 14. O-O Nbd7 15. Nc4 Bxc4 16. Bxc4 Ne5 17. Be2 a5 18. Qg5 Rfe8
19. f4 Ne4 20. Qf5 Nd6 21. Qh5 c4 22. Kh1 g6 23. Qh3 Nc6 24. Nc1 Qxb2
25. Bf3 Ne4 26. Kg1 Qxa1 27. Nd3 Qxf1+ 28. Kxf1 cxd3 29. cxd3 Nd2+ 30.
Kf2 Nxf3 31. Qxf3 Nb4 32. a3 Nc2 33. h4 Ne1 34. Qd5 Nxd3+ 35. Kg3 Nc1
36. h5 Rad8 37. Qxa5 d3 38. Qd2 Nb3 39. Qc3 d2 40. h6 Nd4 0-1

[Event "zt-A"]
[Site "Randers"]
[Date "1982.??.??"]
[Round "2"]
[White "Birnboim, Nathan"]
[Black "Grunfeld, Yehuda"]
[Result "0-1"]
[WhiteElo "2460"]
[BlackElo "2505"]

1. d4 d5 2. c4 e6 3. Nc3 c5 4. cxd5 exd5 5. Nf3 Nc6 6. g3 Nf6 7. Bg2
Be7 8. O-O O-O 9. Be3 c4 10. Ne5 Qa5 11. Bd2 Bb4 12. e4 Nxe5 13. a3
Bxc3 14. Bxc3 Qb5 15. dxe5 Nxe4 16. Bd4 Be6 17. f4 Qd7 18. Bf3 Rfe8
19. g4 f5 20. exf6 Nxf6 21. f5 Bf7 22. Qd2 Ne4 23. Qg2 Ng5 24. Rad1 Qc6
25. Qg3 Nxf3+ 26. Rxf3 Re4 27. Re3 Rae8 28. Rxe4 Rxe4 29. h3 Qe8 30.
Kf1 Qd8 31. Bxa7 h5 32. Re1 hxg4 33. hxg4 Rxe1+ 34. Qxe1 Qg5 35. Qe5
Qxg4 36. Bd4 Qg5 37. Ke1 Kh7 38. Kf2 b5 39. f6 Qxe5 40. Bxe5 g5 41. Ke3
Kg6 42. Kd4 Kf5 43. Bc7 Kxf6 44. Kc5 Kf5 45. Kxb5 d4 46. Kb4 c3 0-1

[Event "zt-A"]
[Site "Randers"]
[Date "1982.??.??"]
[Round "2"]
[White "Wedberg, Tom"]
[Black "Olafsson, Helgi"]
[Result "0-1"]
[WhiteElo "2435"]
[BlackElo "2430"]

1. e4 c5 2. Nf3 d6 3. d4 cxd4 4. Nxd4 Nf6 5. Nc3 a6 6. Bg5 e6 7. f4 Qb6
8. Qd2 Qxb2 9. Rb1 Qa3 10. Be2 Be7 11. O-O Nbd7 12. f5 Ne5 13. fxe6
fxe6 14. Kh1 O-O 15. Rb3 Qa5 16. Nd5 Qxd2 17. Nxe7+ Kf7 18. Bxd2 Kxe7
19. Rg3 Rf7 20. Bg5 Bd7 21. Bh5 g6 22. Be2 h6 23. Bxh6 Nxe4 24. Rb3
Rxf1+ 25. Bxf1 b5 26. Kg1 Ng4 27. Bd3 Ngf6 28. Ra3 e5 29. Nf3 a5 30.
Nd2 Bc6 31. Nxe4 Nxe4 32. Rb3 b4 33. Rb1 Nc3 34. Bg5+ Kd7 35. Rf1 Be4
36. Rf7+ Kc6 37. Rg7 Bxd3 38. cxd3 a4 0-1

[Event "zt-A"]
[Site "Randers"]
[Date "1982.??.??"]
[Round "3"]
[White "Grunfeld, Yehuda"]
[Black "Tiller, Bjorn"]
[Result "1-0"]
[WhiteElo "2505"]
[BlackElo "2320"]

1. e4 e6 2. d4 d5 3. Nd2 c5 4. Ngf3 Nc6 5. exd5 exd5 6. Bb5 Bd6 7. dxc5
Bxc5 8. O-O Nge7 9. Nb3 Bd6 10. Bg5 O-O 11. Re1 Bg4 12. Be2 h6 13. Bh4
Re8 14. c3 Qc7 15. Bg3 Bxg3 16. hxg3 Qb6 17. Nfd4 Bxe2 18. Rxe2 Nxd4
19. Nxd4 Nc6 20. Nf5 Re6 21. Rd2 Rd8 22. Qg4 Rg6 23. Qf4 Re6 24. Qg4
Rg6 25. Qh4 Rf6 26. Nd4 Re8 27. Nf3 Re4 28. Qh5 d4 29. c4 Qb4 30. Qd5
Rfe6 31. c5 R4e5 32. Qd7 Rxc5 33. a3 Qb6 34. Nxd4 Ne5 35. Qa4 Rc4 36.
Qd1 Rd6 37. Nf5 Rxd2 38. Qxd2 Qf6 39. Ne3 Rd4 40. Qc3 Nd3 41. Rf1 b5
42. Qc2 Ne5 43. Qc3 Nd3 44. Nf5 Rd8 45. Qxf6 gxf6 46. Rd1 Kh7 47. Kf1
Rd5 48. Ne3 Rd7 49. Ke2 Nc5 50. Rxd7 Nxd7 51. Kd3 Kg6 52. Kd4 h5 53. b3
a5 54. f4 f5 55. Kd5 Nf6+ 56. Kc5 b4 57. a4 Ne4+ 58. Kb5 Nxg3 59. Kxa5
Ne2 60. Kb6 Nxf4 61. a5 h4 62. a6 1-0

[Event "zt-A"]
[Site "Randers"]
[Date "1982.??.??"]
[Round "3"]
[White "Hoi, Carsten"]
[Black "Arnason, Jon"]
[Result "0-1"]
[WhiteElo "2425"]
[BlackElo "2445"]

1. d4 Nf6 2. c4 c5 3. d5 e6 4. Nc3 exd5 5. cxd5 d6 6. e4 g6 7. Nf3 a6
8. Bg5 h6 9. Bh4 g5 10. Bg3 Nh5 11. Be2 Nxg3 12. hxg3 Bg7 13. Nd2 Nd7
14. a4 Rb8 15. Nc4 Qe7 16. a5 O-O 17. Qc2 Re8 18. O-O Bd4 19. Qd2 Qf6
20. Bd3 Ne5 21. Nxe5 Qxe5 22. Kh1 b5 23. Ne2 c4 24. f4 Qh8 25. Bb1 Bxb2
26. Ra2 Bf6 27. Qb4 Rd8 28. Ra3 Bg4 29. Nc3 Bd4 30. e5 Bc5 31. Qb2 Bxa3
32. Qc2 b4 33. Ne4 Bf5 34. g4 b3 35. Qe2 Bxe4 36. Qxe4 c3 37. e6 c2
38. Qf5 Rb7 0-1

[Event "zt-A"]
[Site "Randers"]
[Date "1982.??.??"]
[Round "3"]
[White "Kagan, Shimon"]
[Black "Zueger, Beat"]
[Result "1/2-1/2"]
[WhiteElo "2425"]
[BlackElo "2335"]

1. e4 c5 2. Nf3 Nc6 3. d4 cxd4 4. Nxd4 Nf6 5. Nc3 d6 6. g3 e5 7. Nde2
Bg4 8. Bg2 Nd4 9. Qd3 Nxe2 10. Nxe2 Be7 11. c4 O-O 12. Nc3 Nd7 13. O-O
Nc5 14. Qc2 Bg5 15. b3 Bxc1 16. Raxc1 Ne6 17. Qd3 Nd4 18. h3 Be6 19. f4
f6 20. Kh2 a6 21. Rf2 Rc8 22. Rd1 Qa5 23. Ne2 Nxe2 24. Rxe2 Rfd8 25.
Red2 Qc5 26. f5 Bf7 27. Bf1 Be8 28. g4 Kf8 29. Qg3 h6 30. h4 Bf7 31. g5
hxg5 32. hxg5 Ke7 33. Be2 Qc6 34. Bf3 b5 35. cxb5 axb5 36. Kg2 Qc3 37.
g6 Bg8 38. Qf2 Qc5 39. Be2 b4 40. Qxc5 Rxc5 41. Bf3 Rc6 42. Rh1 Rc5
43. Rh8 Ra8 44. Kf2 Re8 45. Be2 Rec8 46. Ba6 Rd8 47. Be2 Rdc8 48. Ke3
Rc3+ 49. Bd3 d5 50. exd5 Bxd5 51. Rxc8 Rxc8 52. Rh2 Kd6 53. Rh4 Kc5
54. Bc4 Rb8 55. Bxd5 Kxd5 56. Rh7 Rb7 57. Rh8 Ra7 58. Rd8+ Kc6 59. Rd2
Kc5 60. Ke4 Kc6 61. Rh2 Kc5 62. Rc2+ Kd6 63. Rc4 Rb7 64. Kd3 Kd5 65.
Ke3 Kd6 66. Ke4 Rb8 67. Kd3 Rb7 68. Rc8 Kd5 69. Rd8+ Kc5 70. Rf8 Rd7+
71. Ke3 Kd6 72. Ra8 Kc5 73. Rc8+ Kd5 74. Rf8 Kd6 75. Rb8 Kc5 76. Ra8
Kd5 77. Ra6 Kc5 78. Ra4 Rc7 79. Ke4 Rd7 80. Ke3 Rc7 81. Ra5+ Kc6 82.
Ra8 Rd7 83. Ke4 Rd4+ 84. Ke3 Rd7 85. a4 bxa3 86. Rxa3 Kc5 87. Ra8 Rb7
88. b4+ Kxb4 89. Ke4 1/2-1/2

[Event "zt-A"]
[Site "Randers"]
[Date "1982.??.??"]
[Round "3"]
[White "Lobron, Eric"]
[Black "Wedberg, Tom"]
[Result "1/2-1/2"]
[WhiteElo "2440"]
[BlackElo "2435"]

1. Nf3 c5 2. e4 Nc6 3. d4 cxd4 4. Nxd4 g6 5. Nb3 Bg7 6. Be2 Nf6 7. Nc3
O-O 8. O-O a6 9. f4 d6 10. Kh1 Bd7 11. Bf3 Rc8 12. Be3 b5 13. Rf2 Qc7
14. Rd2 Rfd8 15. Qg1 Rb8 16. Rad1 Bg4 17. Bxg4 Nxg4 18. Nd5 Qb7 19. Nd4
Na5 20. f5 Nxe3 21. Qxe3 Nc4 22. Qg5 Bf6 23. Qh6 Nxd2 24. Rxd2 Bg7 25.
Qh4 Re8 26. Nf3 e6 27. Nf4 Qe7 28. Qxe7 Rxe7 29. fxe6 fxe6 30. Rxd6
Bxb2 31. Rxa6 Rc7 32. Nxe6 Rxc2 33. h4 Re2 34. Neg5 Bg7 35. Ra7 Re8
36. Rb7 Rb2 37. e5 b4 38. Nf7 Rxa2 39. Nd6 Ra1+ 40. Kh2 Bxe5+ 41. Nxe5
Rxe5 42. Rxb4 Rae1 43. Kg3 Re6 44. Rd4 R1e2 45. Kf3 R6e3+ 46. Kf4 Re7
47. Kf3 Ra2 48. Ne4 Kg7 49. Kg3 Rea7 50. Ng5 R2a3+ 51. Nf3 Re7 52. h5
g5 53. Rd5 Kh6 54. Kh2 Re2 55. Rf5 g4 56. Ne5 Re4 57. Nf7+ Kg7 58. Nd6
Re6 59. Nc4 Ra4 60. Rg5+ Kh6 61. Rxg4 Kxh5 62. Rd4 Kg6 1/2-1/2

[Event "zt-A"]
[Site "Randers"]
[Date "1982.??.??"]
[Round "3"]
[White "Olafsson, Helgi"]
[Black "Birnboim, Nathan"]
[Result "1/2-1/2"]
[WhiteElo "2430"]
[BlackElo "2460"]

1. Nf3 Nf6 2. d4 g6 3. Bg5 Ne4 4. Bh4 d5 5. Nbd2 Bh6 6. e3 O-O 7. c3 c5
8. Bd3 cxd4 9. exd4 f5 10. O-O Nc6 11. Bc2 Qd6 12. Nxe4 dxe4 13. Bg5
Bg7 14. Nd2 Qc7 15. d5 Nd8 16. Be3 Nf7 17. Re1 Rd8 18. Bb3 b6 19. Nf1
Ba6 20. Bd4 Bxd4 21. Qxd4 e5 22. Qd2 Kg7 23. Ne3 Bd3 24. f3 Qc5 25.
fxe4 Bxe4 26. Qf2 f4 27. Ng4 Qxf2+ 28. Kxf2 Bxd5 29. Nxe5 Bxb3 30. axb3
Rd2+ 31. Kf3 Ng5+ 32. Kxf4 Rxg2 33. Nd7 Nh3+ 34. Kf3 Rxb2 35. Re7+ Kh6
36. Kg3 Rc8 37. Kxh3 Rxc3+ 38. Kg4 Rbxb3 39. Rae1 Rb4+ 40. R1e4 Rxe4+
41. Rxe4 b5 42. Re5 Rc4+ 43. Kf3 Rc7 44. Nc5 1/2-1/2

[Event "zt-A"]
[Site "Randers"]
[Date "1982.??.??"]
[Round "4"]
[White "Birnboim, Nathan"]
[Black "Lobron, Eric"]
[Result "0-1"]
[WhiteElo "2460"]
[BlackElo "2440"]

1. d4 Nf6 2. c4 c5 3. d5 e6 4. Nc3 exd5 5. cxd5 d6 6. g3 g6 7. Bg2 Bg7
8. Nf3 O-O 9. O-O a6 10. a4 Re8 11. Nd2 Nbd7 12. h3 Rb8 13. Nc4 Nb6
14. Na3 Bd7 15. e4 Nc8 16. Qd3 Qe7 17. a5 Na7 18. Bd2 Nb5 19. Nc4 Nxc3
20. Bxc3 Bb5 21. Rae1 Qf8 22. f4 Nd7 23. b3 b6 24. axb6 Rxb6 25. Ba5
Bd4+ 26. Kh1 Rb7 27. e5 dxe5 28. d6 Qh6 29. Bd2 Bc6 30. g4 e4 31. Qg3
Reb8 32. Na5 Rb6 33. Nxc6 Rxc6 34. Rxe4 Rxd6 35. Ba5 Nf6 36. Re2 Re8
37. Rfe1 Rxe2 38. Rxe2 Qf8 39. Qe1 Kg7 40. f5 g5 41. b4 h6 42. bxc5
Bxc5 43. Bc3 Qd8 44. Rd2 Kh7 45. Rxd6 Qxd6 46. Qd2 Qb8 47. Qe1 Qb6 48.
Qa1 Ne8 49. Qa2 Nd6 50. Qa1 Nb5 51. Bb2 Nd4 52. Qa2 Kg8 53. Bd5 Qb4
54. Qxa6 Qe1+ 55. Kg2 Qd2+ 56. Kh1 Qd1+ 57. Kg2 Qc2+ 0-1

[Event "zt-A"]
[Site "Randers"]
[Date "1982.??.??"]
[Round "4"]
[White "Herzog, Adolf"]
[Black "Kagan, Shimon"]
[Result "0-1"]
[WhiteElo "2400"]
[BlackElo "2425"]

1. d4 Nf6 2. Nf3 g6 3. c4 Bg7 4. Nc3 d6 5. e4 O-O 6. h3 e5 7. d5 Nh5
8. Nh2 Nd7 9. Be2 Nf4 10. Bf3 Nc5 11. O-O f5 12. Be3 fxe4 13. Nxe4 Nxe4
14. Bxe4 Qh4 15. Qc2 Bd7 16. Rae1 Rae8 17. Bc1 Rf7 18. Kh1 Qd8 19. Re3
Ref8 20. Rf3 Kh8 21. b4 Qe7 22. Be3 b6 23. a4 Bf5 24. Re1 Bxe4 25. Qxe4
Qd7 26. Qc2 Qf5 27. Qxf5 Rxf5 28. Bd2 a6 29. Re4 Nh5 30. Rxf5 gxf5 31.
Re1 Nf6 32. Bg5 Ne4 33. Be3 Nc3 34. Ra1 e4 35. Ra3 b5 36. axb5 axb5
37. Ra7 Rc8 38. cxb5 Nxb5 39. Rb7 Nc3 40. g4 fxg4 41. Nxg4 Nxd5 42. Ba7
c6 43. Ne3 Nxe3 44. fxe3 Be5 45. Rd7 Kg8 46. Kg2 Ra8 47. h4 h5 48. Bd4
Ra2+ 49. Kf1 Bxd4 50. exd4 d5 51. b5 cxb5 52. Rxd5 b4 53. Rb5 Rb2 54.
Ke1 b3 55. d5 Kf7 56. d6 Ke6 57. Re5+ Kxd6 58. Rxe4 Rh2 0-1

[Event "zt-A"]
[Site "Randers"]
[Date "1982.??.??"]
[Round "4"]
[White "Wedberg, Tom"]
[Black "Hoi, Carsten"]
[Result "1-0"]
[WhiteElo "2435"]
[BlackElo "2425"]

1. e4 d6 2. d4 Nf6 3. Nc3 g6 4. Nf3 Bg7 5. h3 O-O 6. Be3 Nbd7 7. e5 Ne8
8. Bc4 Nb6 9. Bb3 c6 10. Qe2 Nc7 11. Rd1 Ncd5 12. Nxd5 Nxd5 13. Bc1 a5
14. a4 b6 15. Bc4 Nc7 16. O-O d5 17. Bd3 Ba6 18. Bxa6 Rxa6 19. h4 Ra8
20. h5 Qd7 21. Nh4 c5 22. f4 e6 23. Rd3 Na6 24. f5 exf5 25. Nxf5 gxf5
26. h6 Bf6 27. Qh5 Kh8 28. Rxf5 Nb4 29. Rdf3 Nxc2 30. Rxf6 Nxd4 31. Rf2
Rg8 32. e6 Nxe6 33. Qe5 1-0

[Event "zt-A"]
[Site "Randers"]
[Date "1982.??.??"]
[Round "5"]
[White "Grunfeld, Yehuda"]
[Black "Herzog, Adolf"]
[Result "1-0"]
[WhiteElo "2505"]
[BlackElo "2400"]

1. e4 e6 2. d4 d5 3. Nd2 c5 4. Ngf3 cxd4 5. exd5 Qxd5 6. Bc4 Qd6 7. O-O
Nf6 8. Nb3 Nc6 9. Nbxd4 Nxd4 10. Nxd4 Bd7 11. b3 O-O-O 12. Bb2 Qc7 13.
Qe2 Bd6 14. h3 h5 15. Rfd1 Bc5 16. b4 Bxb4 17. Nb3 Bc6 18. Be5 Bd6 19.
Rxd6 Rxd6 20. Qe3 Rhd8 21. Bxd6 Rxd6 22. Qxa7 Nd7 23. Bf1 Rd5 24. Re1
Qf4 25. c4 Rg5 26. Qe3 Qf6 27. Rd1 Qg6 28. f3 Re5 29. Qd2 Qh6 30. Qxh6
gxh6 31. Kf2 Rg5 32. Rd4 Kc7 33. Rh4 e5 34. Bd3 f5 35. g3 Nf6 36. Nd2
e4 37. fxe4 fxe4 38. Nxe4 Bxe4 39. Bxe4 Nxe4+ 40. Rxe4 Ra5 41. Re7+ Kb8
42. Re2 Ra3 43. h4 Ka7 44. Re5 Rxa2+ 45. Kf3 Ra3+ 46. Kg2 Ra4 47. c5
Ra6 48. Rxh5 Rc6 49. Rf5 Kb8 50. g4 Kc8 51. Rd5 Kc7 52. Kg3 b6 53.
cxb6+ Rxb6 54. Kf4 Kc6 55. Rd1 Rb4+ 56. Kf5 h5 57. g5 Rxh4 58. Rg1 1-0

[Event "zt-A"]
[Site "Randers"]
[Date "1982.??.??"]
[Round "5"]
[White "Hoi, Carsten"]
[Black "Birnboim, Nathan"]
[Result "1/2-1/2"]
[WhiteElo "2425"]
[BlackElo "2460"]

1. d4 e6 2. c4 b6 3. Nc3 Bb4 4. e3 Ba6 5. Bd3 Qg5 6. Qf3 Bxc3+ 7. bxc3
Nc6 8. Nh3 Qa5 9. Bd2 Qa4 10. O-O Bxc4 11. Bxc4 Qxc4 12. Qg3 Nge7 13.
Qxg7 Rg8 14. Qxh7 Qe2 15. Rfd1 O-O-O 16. Nf4 Qg4 17. Qh3 Qg7 18. e4 Rh8
19. Qf3 e5 20. Nd5 Ng6 21. Bg5 Nh4 22. Qf6 Nf3+ 23. gxf3 Rdg8 24. Qxg7
Rxg7 25. f4 exf4 26. f3 Rxg5+ 27. Kh1 Rh4 28. Rd2 d6 29. Rg2 Rg3 30.
Rf2 Rg6 31. Rg1 Rxg1+ 32. Kxg1 Na5 33. Ne7+ Kd7 34. Nf5 Rh3 35. Kg2 Rh8
36. h4 Nc4 37. Kf1 d5 38. Ke2 Rh5 39. Rg2 dxe4 40. fxe4 Ne3 41. Nxe3
fxe3 42. Rh2 Ke6 43. Kxe3 f5 44. c4 c6 45. a4 fxe4 46. Kxe4 a6 47. Kf4
b5 48. Kg4 Rh8 49. axb5 axb5 50. Re2+ Kd6 51. cxb5 cxb5 52. h5 b4 53.
Kg5 Kd5 54. Rd2 b3 55. h6 Kc4 56. Kg6 Kc3 57. Rd1 b2 1/2-1/2

[Event "zt-A"]
[Site "Randers"]
[Date "1982.??.??"]
[Round "5"]
[White "Olafsson, Helgi"]
[Black "Zueger, Beat"]
[Result "1/2-1/2"]
[WhiteElo "2430"]
[BlackElo "2335"]

1. Nf3 Nf6 2. c4 g6 3. Nc3 Bg7 4. d4 d6 5. e4 O-O 6. Be2 Bg4 7. Be3
Nfd7 8. Ng1 Bxe2 9. Ngxe2 Nb6 10. b3 e6 11. h4 d5 12. Qd2 dxc4 13. h5
Nc6 14. Bh6 Qe7 15. e5 cxb3 16. axb3 Nd5 17. Bxg7 Kxg7 18. hxg6 fxg6
19. Ne4 Kg8 20. Qh6 Rf7 21. Rd1 Ncb4 22. Ng5 Nc2+ 23. Kd2 Rxf2 24.
Qxh7+ Qxh7 25. Rxh7 Rxe2+ 26. Kxe2 Nc3+ 27. Kd2 Nxd1 28. Kxc2 Ne3+ 29.
Kd3 Nd5 30. Rh6 Kg7 31. Rh7+ Kg8 32. Rh6 Kg7 33. Rh7+ 1/2-1/2

[Event "zt-A"]
[Site "Randers"]
[Date "1982.??.??"]
[Round "6"]
[White "Herzog, Adolf"]
[Black "Olafsson, Helgi"]
[Result "1-0"]
[WhiteElo "2400"]
[BlackElo "2430"]

1. c3 Nf6 2. d4 g6 3. Bf4 Bg7 4. Nf3 b6 5. Nbd2 Bb7 6. e3 d5 7. Bb5+ c6
8. Bd3 c5 9. Ne5 O-O 10. h4 Ba6 11. Bc2 cxd4 12. exd4 h5 13. Ndf3 Nbd7
14. Qd2 Ne4 15. Qe3 Ndf6 16. Ng5 Nd6 17. O-O-O Rc8 18. Rdg1 b5 19. g4
b4 20. gxh5 bxc3 21. hxg6 cxb2+ 22. Kb1 Qc7 23. gxf7+ Rxf7 24. Qb3 Bc4
25. Nxc4 dxc4 26. Qh3 c3 27. Bxd6 exd6 28. Qe6 Re8 29. Qxf7+ Qxf7 30.
Nxf7 Kxf7 31. Bg6+ 1-0

[Event "zt-A"]
[Site "Randers"]
[Date "1982.??.??"]
[Round "6"]
[White "Tiller, Bjorn"]
[Black "Hoi, Carsten"]
[Result "1-0"]
[WhiteElo "2320"]
[BlackElo "2425"]

1. c4 Nf6 2. Nc3 g6 3. e4 d6 4. d4 Bg7 5. Nf3 O-O 6. Be2 Bg4 7. Be3
Nfd7 8. Ng1 Bxe2 9. Ngxe2 e5 10. O-O Nc6 11. f3 f5 12. exf5 gxf5 13.
dxe5 Ndxe5 14. Qd2 Kh8 15. b3 Qd7 16. Nf4 Qf7 17. Rac1 Rae8 18. Ncd5
Rg8 19. Kh1 Bh6 20. Rfd1 Rg7 21. Ng6+ Rxg6 22. Bxh6 Reg8 23. Rg1 Nd4
24. Be3 Ne6 25. Rcf1 R6g7 26. Nf4 Nxf4 27. Bxf4 Qh5 28. Qc3 Ng6 29. g4
Qh3 30. Bg5 fxg4 31. Rf2 Ne5 32. Rg3 Qh5 33. Bf6 Qf5 34. Bxg7+ Rxg7
35. f4 h5 36. Kg1 Qb1+ 37. Rf1 1-0

[Event "zt-A"]
[Site "Randers"]
[Date "1982.??.??"]
[Round "6"]
[White "Zueger, Beat"]
[Black "Lobron, Eric"]
[Result "1-0"]
[WhiteElo "2335"]
[BlackElo "2440"]

1. g3 Nf6 2. Bg2 d5 3. Nf3 e6 4. c4 b6 5. cxd5 exd5 6. Ne5 Bd6 7. d4
O-O 8. Nc3 Re8 9. f4 Bb7 10. O-O c5 11. Be3 Nbd7 12. dxc5 Bxc5 13. Bxc5
Nxc5 14. Nb5 Qe7 15. Rc1 Nfd7 16. Nxd7 Qxd7 17. Nd4 Rac8 18. Qd2 Ne4
19. Qd3 Qa4 20. Rxc8 Rxc8 21. Nf5 Rc7 22. Bxe4 Qxe4 23. Qxe4 dxe4 24.
Rd1 h5 25. Rd8+ Kh7 26. Ne3 g6 27. Kf2 Kg7 28. h3 Rc5 29. Rd7 Bc8 30.
Rxa7 Bxh3 31. Ra4 Be6 32. Rxe4 Bxa2 33. Rb4 b5 34. Nd1 Bd5 35. Nc3 Bc6
36. Ke3 Rf5 37. Kd4 h4 38. gxh4 Kh6 39. Ke3 Kh5 40. Ne4 Bxe4 41. Kxe4
Kxh4 42. Rb3 Kg4 43. e3 Kg3 44. Kd4 Kf2 45. Rc3 Ke2 46. Rc2+ Kf3 47. b4
f6 48. Rc6 Ke2 49. Ke4 Kd2 50. Kf3 Rh5 51. Rd6+ Kc3 52. Rxf6 Rh3+ 53.
Kf2 Rh2+ 54. Kg3 Rh1 55. Kg2 Rh6 56. f5 Rh5 57. fxg6 Rg5+ 58. Kf3 Rg1
59. Rf5 Rxg6 60. Rxb5 Rh6 61. e4 Kc4 62. Rc5+ Kxb4 63. Rc1 Rh4 64. Ke3
Kb5 65. Kd4 Kb6 66. Kd5 Kb7 67. e5 Kb8 68. Kd6 Rh2 69. e6 Rd2+ 70. Ke7
Rd3 71. Ke8 Rd2 72. e7 Rf2 73. Rc5 1-0

[Event "zt-A"]
[Site "Randers"]
[Date "1982.??.??"]
[Round "7"]
[White "Hoi, Carsten"]
[Black "Zueger, Beat"]
[Result "1-0"]
[WhiteElo "2425"]
[BlackElo "2335"]

1. d4 Nf6 2. c4 g6 3. Nc3 Bg7 4. e4 d6 5. Nf3 Bg4 6. Be2 O-O 7. Be3
Nfd7 8. Ng1 Bxe2 9. Ngxe2 Nb6 10. b3 e6 11. O-O d5 12. c5 Nc8 13. Qd2
dxe4 14. Nxe4 Ne7 15. Bg5 f6 16. Bh6 Nd5 17. Bxg7 Kxg7 18. Rfe1 Nc6
19. Rad1 Qd7 20. N4c3 Nce7 21. h3 Nxc3 22. Qxc3 Nd5 23. Qf3 a5 24. a3
b5 25. h4 b4 26. a4 Rad8 27. Rd3 Rfe8 28. Qg3 e5 29. dxe5 fxe5 30. Red1
c6 31. Qg5 h6 32. Qg3 Qe7 33. h5 g5 34. Qg4 Nf6 35. Qf5 Nxh5 36. Rd7
Kg8 37. Rxe7 Rxd1+ 38. Kh2 Rxe7 39. Qc8+ Kf7 40. Qxc6 Nf6 41. Qb5 Rd2
42. c6 Rc2 43. f3 Re6 44. Ng3 Rexc6 45. Qxa5 Ra2 46. Ne4 Nxe4 47. Qd5+
Re6 48. Qxe4 Rd6 49. Qf5+ Ke7 50. Qxe5+ Kd7 51. Qb5+ Ke6 52. Qe8+ Kf6
53. Qf8+ Ke5 54. Qe7+ Re6 55. Qxb4 Kf6 56. Qf8+ Kg6 57. Qg8+ Kf6 58.
Qf8+ Ke5 59. Qd8 Kf5 60. Qd7 Kf6 61. Qh7 Ke5 62. a5 Kd5 63. Qd7+ Rd6
64. Qf5+ Kc6 65. Qc8+ Kd5 66. b4 1-0

[Event "zt-A"]
[Site "Randers"]
[Date "1982.??.??"]
[Round "8"]
[White "Herzog, Adolf"]
[Black "Hoi, Carsten"]
[Result "1/2-1/2"]
[WhiteElo "2400"]
[BlackElo "2425"]

1. e4 e6 2. d3 d5 3. Nd2 Nf6 4. Ngf3 b6 5. g3 Bb7 6. Bg2 Be7 7. O-O c5
8. Re1 Nc6 9. e5 Nd7 10. Nf1 Qc7 11. c3 a5 12. h4 a4 13. Bf4 b5 14. Ne3
Qa5 15. a3 Nb6 16. Rc1 Rd8 17. h5 h6 18. Nd2 Qa8 19. Qg4 Kf8 20. Nc2
Na5 21. Be3 Nd7 22. f4 Nb3 23. Rcd1 d4 24. Bxb7 Qxb7 25. cxd4 Nxd4 26.
Nxd4 cxd4 27. Bxd4 Nc5 28. Nf3 Rg8 29. Kh2 f5 30. exf6 gxf6 31. Qh4 Kf7
32. Rf1 Qd5 33. Qh3 Rg7 34. f5 e5 35. Bxc5 Bxc5 36. Qg2 Rg4 37. Kh3 Rg7
38. Rc1 Be3 39. Rc7+ Kg8 40. Rxg7+ Kxg7 41. Re1 Qxd3 42. Nh4 Bg5 43.
Re4 Qd2 44. Re2 Qd3 45. Re4 Bxh4 46. Kxh4 Kf7 47. Qe2 Qb1 48. Qg2 Rd2
49. Qxd2 Qh1+ 50. Kg4 Qxe4+ 51. Kh3 Qh1+ 52. Kg4 Qe4+ 53. Kh3 Qxf5+
54. g4 Qf3+ 55. Kh4 Ke6 56. Qxh6 Qf2+ 57. Kh3 Qxb2 58. Qf8 Qc3+ 59. Kh4
Qe1+ 60. Kh3 Qe3+ 61. Kh4 Qf2+ 62. Kh3 1/2-1/2

[Event "zt-A"]
[Site "Randers"]
[Date "1982.??.??"]
[Round "8"]
[White "Tiller, Bjorn"]
[Black "Wedberg, Tom"]
[Result "1/2-1/2"]
[WhiteElo "2320"]
[BlackElo "2435"]

1. c4 c5 2. Nf3 Nc6 3. d4 cxd4 4. Nxd4 e6 5. g3 Bb4+ 6. Bd2 Qb6 7. Nb3
Ne5 8. Qc2 d6 9. Bg2 Bd7 10. Bxb4 Qxb4+ 11. Qd2 Qxd2+ 12. N1xd2 Bc6
13. Bxc6+ bxc6 14. c5 d5 15. Na5 Ne7 16. b4 Kd7 17. f4 N5g6 18. e4 h5
19. Kf2 h4 20. exd5 Nxd5 21. a3 Rh6 22. Nf3 Rah8 23. Rhd1 hxg3+ 24.
hxg3 Kc7 25. Rac1 Nge7 26. Nc4 Rh3 27. Nd6 f6 28. b5 cxb5 29. Nxb5+ Kd7
30. Nxa7 Rb8 31. Rb1 Rhh8 32. Nd4 Rh2+ 33. Kf3 Rbb2 34. Rxb2 Rxb2 35.
c6+ Kc7 36. Nxe6+ Kb8 37. c7+ Nxc7 38. Rd7 Nxe6 39. Rxe7 Nd4+ 40. Kg4
Rb7 41. Rxb7+ Kxb7 42. Nb5 Nxb5 43. Kh5 Nxa3 44. Kg6 Nc4 45. g4 Ne3
46. g5 fxg5 47. fxg5 Ng2 1/2-1/2

[Event "zt-A"]
[Site "Randers"]
[Date "1982.??.??"]
[Round "8"]
[White "Zueger, Beat"]
[Black "Arnason, Jon"]
[Result "1-0"]
[WhiteElo "2335"]
[BlackElo "2445"]

1. c4 Nf6 2. g3 e5 3. Bg2 d5 4. cxd5 Nxd5 5. Nc3 Nb6 6. d3 Be7 7. Be3
O-O 8. Qc1 f5 9. h4 h6 10. h5 Qd6 11. a4 c6 12. Nf3 Be6 13. d4 N8d7
14. dxe5 Nxe5 15. Bf4 Bf6 16. O-O Rad8 17. a5 Nd5 18. Rd1 Nxc3 19. bxc3
Qxd1+ 20. Qxd1 Rxd1+ 21. Rxd1 Nxf3+ 22. Bxf3 Bxc3 23. a6 b5 24. Bxc6 b4
25. Be3 Bc4 26. Bb7 Rf6 27. Bxa7 b3 28. Bc5 Rxa6 29. Bxa6 Bxa6 30. Rb1
Bc4 31. Ba3 Bxe2 32. Rxb3 Bd4 33. Rb8+ Kh7 34. Rd8 Bf6 35. Rd5 Bg4 36.
Kg2 Kg8 37. f3 Bxh5 38. Rxf5 Bg6 39. Ra5 Kh7 40. Bd6 Bd3 41. Be5 Bxe5
42. Rxe5 Kg6 43. Rc5 Kf6 44. Kf2 Bb1 45. Ke3 Ba2 46. Kf4 Be6 47. Rc6
Kf7 48. Ke5 Ba2 49. Rb6 Bc4 50. f4 Bd3 51. Rc6 Bb1 52. Ra6 Bc2 53. Rd6
Bb3 54. Rc6 Ba2 55. Ra6 Bb3 56. Ra7+ Kf8 57. f5 Kg8 58. f6 gxf6+ 59.
Kxf6 Bc2 60. Ra2 Be4 61. Rh2 1-0

[Event "zt-A"]
[Site "Randers"]
[Date "1982.??.??"]
[Round "9"]
[White "Arnason, Jon"]
[Black "Herzog, Adolf"]
[Result "0-1"]
[WhiteElo "2445"]
[BlackElo "2400"]

1. e4 e6 2. d4 d5 3. Nc3 Bb4 4. e5 c5 5. a3 Ba5 6. b4 cxd4 7. Qg4 Ne7
8. Nb5 Bc7 9. Qxg7 Rg8 10. Qxh7 a6 11. Nxc7+ Qxc7 12. Bb2 Qxe5+ 13. Ne2
Nbc6 14. O-O-O Rh8 15. Qd3 Rxh2 16. Rxh2 Qxh2 17. Nxd4 Bd7 18. Qe3 Nxd4
19. Qxd4 Rc8 20. g3 Nf5 21. Qf4 Bb5 22. Kb1 Bxf1 23. Rxf1 Qh7 24. b5
axb5 25. Qb4 Rc6 26. Rc1 Nd6 27. Be5 Nc8 28. Qxb5 Qe4 29. f4 Nb6 30.
Bb2 Kd7 31. Be5 Qc4 32. Qb3 Qa6 33. Ka2 Nc4 34. g4 Rb6 35. Qc3 Qb5 36.
f5 Ra6 37. Rb1 Rxa3+ 38. Qxa3 Qxb1+ 39. Kxb1 Nxa3+ 40. Kc1 exf5 41.
gxf5 Nc4 42. Bd4 Nd6 43. f6 Ne4 44. Kb2 Ke6 45. Kb3 Nxf6 46. Kb4 Nd7
47. c4 f5 48. c5 f4 49. Kc3 Kf5 50. Kd3 Ne5+ 0-1